Ik heb 'n truck als m'n woning - Lyrics Quiz - Statistieken

Algemene statistieken
  • Deze quiz is 3 keer genomen
  • De gemiddelde score is 3 van 19
Antwoordstatistieken
Antwoord % Correct
Ik heb een truck als mijn woning
100%
Ik voel me rijk als een koning
100%
Ik rijd door zon en door regen
67%
Je komt me overal tegen
67%
Dan gaat mijn deur al open
0%
Die rit geef ik cadeau
0%
Doe ik het in mijn truckie
0%
Eet ik op mijn gemakkie
0%
En dan wil een aardig meisje
0%
En doe ik graag een tukkie
0%
En neem ik dan mijn prakkie
0%
Heel rustig aan de kant
0%
Ik heb geen kamer nodig
0%
Ik laat zo een schat niet lopen
0%
Ik slaap hier als een roos
0%
Maar bij mijn eigen krantje
0%
Nee dat is overbodig
0%
Niet in een restaurantje
0%
Van mij een gratis reisje
0%
Geen overeenkomende quizzen gevonden
Scoreverdeling
Procent van Mensen met Elke Score
Percentiel versus Aantal Correcte Antwoorden
Uw Scoregeschiedenis
U heeft deze quiz nog niet genomen